Die Landsmannschaft Weichsel-Warthe
| Titel: | Die Landsmannschaft Weichsel-Warthe |
|---|---|
| Verfasser: | |
| In: |
Erfahrung und Zeugnis der Deutschen aus Polen, (1987), Seite 62-65 alle Artikel anzeigen |
| Veröffentlicht: | 1987 |
| Format: | Aufsatz |
| Sprache: | Deutsch |
X
alg: 39162613
001A $01999:11-11-16
001B $01999:28-04-17 $t14:25:29.000
001D $01999:11-11-16
001U $0utf8
001X $00
002@ $0Aox
003@ $0391626132
007A $0391626132 $aHEB
007T $0Herd78581
010@ $ager
011@ $a1987
021A $aDie @Landsmannschaft Weichsel-Warthe
028A $aBierschenk $dTheodor
031A $h62-65 $j1987
039B $aIn $8--Aauc--. Erfahrung und Zeugnis der Deutschen aus Polen. - Berlin {[u.a.] : Westkreuz-Verl., 1987. - 171 S.. - zahlr. Ill.. - ISBN 3-922131-54-9 $x198700000000000938 $9007404484
lok: 39162613 78
exp: 39162613 78 1 #EPN
201B/01 $019-04-17 $t10:18:25.000
201U/01 $0utf8
203@/01 $0787720577
208@/01 $a11-11-16 $be
209A/01 $a/ $f000 $x00
220C/01 $aTitelaufnehmer: cs
244Z/01 $2Trx $#Poola $#Lenkija $#Polija $#Polen Land $#Poland $#Lengyelország $#Poľsko $#Polsko $8--Trx--Polska$gkraj $x01 $9391345966
244Z/01 $2Trx $#Großpolen $#Greater Poland $#Velkopolsko $8--Trx--Wielkopolska $x02 $9391277227
244Z/01 $aGeschichte 1945-1986 $x03
244Z/01 $2Trx $#pagendatute organisatsioonid $#tremtinių organizacijos $#organizations of German expellees $#elűzöttek szervezetei $#związki wypędzonych $#organizácie vyhnancov $#organizace vyhnanců $#Landsmannschaften $#Heimatkreise $#ziomkostwa $#landsmandšafty $#landsmanšafty $8--Trx--Vertriebenenorganisationen $x04 $939137284X
244Z/01 $2Trx $8--Trx--Einzelbeiträge $x05 $9391384570
245Z/01 $a08.04.01;11.14 $x01
247C/01 $82080>Marburg/Lahn, Herder-Institut, Forschungsbibliothek, Bibliographieportal $9336309341
| LEADER | 00000caa a22000002c 4500 | ||
|---|---|---|---|
| 001 | 391626132 | ||
| 003 | DE-603 | ||
| 005 | 20170428142529.0 | ||
| 007 | tu | ||
| 008 | 161111s1987 xx |||| | u00||u|ger c | ||
| 035 | |a (DE-599)HEB391626132 | ||
| 040 | |a DE-603 |b ger |c DE-603 |d DE-603 | ||
| 041 | |a ger | ||
| 100 | 1 | |a Bierschenk, Theodor | |
| 245 | 0 | 0 | |a Die Landsmannschaft Weichsel-Warthe |
| 264 | 0 | |c 1987 | |
| 773 | 0 | 8 | |i In |t Erfahrung und Zeugnis der Deutschen aus Polen |d Berlin [u.a.] : Westkreuz-Verl., 1987 |h 171 S., zahlr. Ill. |z 3922131549 |g (1987), Seite 62-65 |w (DE-603)007404484 |
| 924 | 0 | |9 2080 |a (DE-603)787720577 |b DE-2080 |c HES |d d |g / | |


